Learning Resource and Development

Environmental awareness of the first year Bachelor of Scinece in office Administration Students of the Camariners Sur Polytechnic Colleges, Buhi Campus / (Record no. 26553)

MARC details
000 -LEADER
fixed length control field 02258nam a2200301 i 4500
003 - CONTROL NUMBER IDENTIFIER
control field CSPC
005 - DATE AND TIME OF LATEST TRANSACTION
control field 20251023132528.0
007 - PHYSICAL DESCRIPTION FIXED FIELD--GENERAL INFORMATION
fixed length control field ta
008 - FIXED-LENGTH DATA ELEMENTS--GENERAL INFORMATION
fixed length control field 231116s2022 ph m 000 0beng
090 ## - LOCALLY ASSIGNED LC-TYPE CALL NUMBER (OCLC); LOCAL CALL NUMBER (RLIN)
Classification number (OCLC) (R) ; Classification number, CALL (RLIN) (NR) UTH BSOA N733e
100 1# - MAIN ENTRY--PERSONAL NAME
Personal name Nonsol, Kathlyn Geri A.
Dates associated with a name author.
245 10 - TITLE STATEMENT
Title Environmental awareness of the first year Bachelor of Scinece in office Administration Students of the Camariners Sur Polytechnic Colleges, Buhi Campus /
Statement of responsibility, etc. Kathlyn Geri A. Nonsol, Mae Madeleine B. Morandarte, and Lea S.A. Musa.
260 ## - PUBLICATION, DISTRIBUTION, ETC.
Place of publication, distribution, etc. Buhi, Camarines Sur :
Name of publisher, distributor, etc. Camarines Sur Polytechnic Colleges,
Date of publication, distribution, etc. 2022.
300 ## - PHYSICAL DESCRIPTION
Extent 102 leaves.
336 ## - CONTENT TYPE
Source rdacontent
Content type term text
337 ## - MEDIA TYPE
Source rdamedia
Media type term unmediated
338 ## - CARRIER TYPE
Source rdacarrier
Carrier type term volume
502 ## - DISSERTATION NOTE
Dissertation note Undergraduate Thesis (BSOA)- Office Administration.
Name of granting institution Camarines Sur Polytechnic Colleges, 2022.
520 3# - SUMMARY, ETC.
Summary, etc. According to the Republic Act No. 9512 on National Environment Awareness Act, 2008. An act to promote environmental awareness through environmental education and for other purposes. This act provides for the promotion of environmental awareness through environmental education which shall encompass environmental concepts and principles, environmental laws, the state of international and local environment, local environmental practices. <br/>Understanding how fragile our environment is and knowing how to safeguard our environment respectively, is known as environmental awareness. Being environmentally conscious entails understanding the issues facing nature today and developing an interest in preserving it. However, there are divergent opinions and a death of evidence addressing the best way to be environmentally conscious and interested. On how the students will actively engage in environmental activities, for as by joining an organization whose goal is to safeguard people and the environment.
700 1# - ADDED ENTRY--PERSONAL NAME
Personal name Morandarte, Mea Madeleine B.,
Relator term author.
700 1# - ADDED ENTRY--PERSONAL NAME
Personal name Musa, Lea S.,
Relator term author.
720 1# - ADDED ENTRY--UNCONTROLLED NAME
Name Sagala, Marimin N.,
Relator term adviser.
720 1# - ADDED ENTRY--UNCONTROLLED NAME
Name Infante, Leonisa O.,
Relator term panelist, chair.
720 1# - ADDED ENTRY--UNCONTROLLED NAME
Name Secundo, Rey O.,
Relator term panelist.
720 1# - ADDED ENTRY--UNCONTROLLED NAME
Name Neonal, Eirene S.,
Relator term panelist.
942 ## - ADDED ENTRY ELEMENTS (KOHA)
Source of classification or shelving scheme Dewey Decimal Classification
Suppress in OPAC No
Koha item type Unpublished Materials
Call number prefix UTH
Call number suffix 2022
Classification part N733e
Holdings
Withdrawn status Lost status Source of classification or shelving scheme Damaged status Not for loan Home library Current library Shelving location Date acquired Total Checkouts Full call number Barcode Date last seen Copy number Price effective from Koha item type
    Dewey Decimal Classification   Not For Loan CAMPUS CSPC CAMPUS CSPC Undergraduate Thesis Section 11/16/2023   UTH BSOA N733e 2022 00004UM-BUH 11/16/2023 1-2 11/16/2023 Unpublished Materials
    Dewey Decimal Classification   Not For Loan CAMPUS CSPC CAMPUS CSPC Undergraduate Thesis Section 11/16/2023   UTH BSOA N733e 2022 00225UM-BUH 11/16/2023 2-2 11/16/2023 Unpublished Materials